El tesoro del lugar florido (Record no. 8694)

MARC details
000 -CABECERA
campo de control de longitud fija 01163nam a2200265 a 4500
001 - NÚMERO DE CONTROL
campo de control BRCA_9044
005 - FECHA Y HORA DE LA ÚLTIMA TRANSACCIÓN
campo de control 20190320210514.0
008 - DATOS DE LONGITUD FIJA--INFORMACIÓN GENERAL
campo de control de longitud fija 250817s2017----sp-a######---#000-0#spa-#
020 ## - NÚMERO INTERNACIONAL ESTÁNDAR DEL LIBRO
Número Internacional Estándar del Libro 9788494655937
041 ## - CÓDIGO DE LENGUA
Código de lengua del texto/banda sonora o título independiente spa
044 ## - CÓDIGO DEL PAÍS DE LA ENTIDAD EDITORA/PRODUCTORA
Código MARC del país sp
050 #4 - SIGNATURA TOPOGRÁFICA DE LA BIBLIOTECA DEL CONGRESO
Número de clasificación NK7114
Número de documento/Ítem .T47 2017
245 10 - MENCIÓN DE TÍTULO
Título El tesoro del lugar florido
Resto del título estudios sobre la plata iberoamericana : siglos XVI-XIX
Mención de responsabilidad, etc. coordinadores Juan Haroldo Rodas Estrada, Nuria Salazar Simarro, Jesús Paniagua Pérez.
260 ## - PUBLICACIÓN, DISTRIBUCIÓN, ETC.
Lugar de publicación, distribución, etc. [León]
Nombre del editor, distribuidor, etc. El Forastero ; Instituto de Humanismo y Tradición Clásica ; [México] : INAH
Fecha de publicación, distribución, etc. 2017
300 ## - DESCRIPCIÓN FÍSICA
Extensión 614 p.
Otras características físicas il., mapas, tablas, gráficas
Dimensiones 30 cm.
500 ## - NOTA GENERAL
Nota general incluye índice onomástico y geográfico
504 ## - NOTA DE BIBLIOGRAFÍA, ETC.
Nota de bibliografía, etc. Incluye referencias bibliográficas
650 14 - PUNTO DE ACCESO ADICIONAL DE MATERIA--TÉRMINO DE MATERIA
Término de materia o nombre geográfico como elemento de entrada Plata
Subdivisión general Historia
Subdivisión cronológica Siglo XVI-XIX
Subdivisión geográfica América Latina
9 (RLIN) 19376
650 14 - PUNTO DE ACCESO ADICIONAL DE MATERIA--TÉRMINO DE MATERIA
Término de materia o nombre geográfico como elemento de entrada Plata
Subdivisión general Historia - Minas y extracción
Subdivisión cronológica Siglo XVI-XIX
Subdivisión geográfica América Latina
9 (RLIN) 22413
650 14 - PUNTO DE ACCESO ADICIONAL DE MATERIA--TÉRMINO DE MATERIA
Término de materia o nombre geográfico como elemento de entrada Orfebrería
Subdivisión general Historia
Subdivisión cronológica Siglo XVI-XIX
Subdivisión geográfica América Latina
9 (RLIN) 19378
700 1# - PUNTO DE ACCESO ADICIONAL--NOMBRE DE PERSONA
Nombre de persona Rodas Estrada, Juan Haroldo
Término indicativo de función/relación coord.
9 (RLIN) 22414
700 1# - PUNTO DE ACCESO ADICIONAL--NOMBRE DE PERSONA
Nombre de persona Salazar Simarro, Nuria
Término indicativo de función/relación coord.
9 (RLIN) 7071
700 1# - PUNTO DE ACCESO ADICIONAL--NOMBRE DE PERSONA
Nombre de persona Paniagua Pérez, Jesús
Término indicativo de función/relación coord.
9 (RLIN) 2812
942 ## - ELEMENTOS DE PUNTO DE ACCESO ADICIONAL (KOHA)
Fuente del sistema de clasificación o colocación Library of Congress Classification
Tipo de ítem Koha Libros
Holdings
Estado de retiro Estado de pérdida Estado dañado No para préstamo Localización permanente Ubicación/localización actual Fecha de adquisición Total de préstamos Signatura topográfica completa Código de barras Fecha visto por última vez Precio válido a partir de Tipo de ítem Koha
El ejemplar forma parte de la colección y puede ser consultado según las políticas vigentes.       Biblioteca del Museo Franz Mayer (Rogerio Casas-Alatriste) Biblioteca del Museo Franz Mayer (Rogerio Casas-Alatriste) 24/08/2017   NK7114 .T47 2017 02961 22/03/2019 22/03/2019 Libros